| 000 | 00598cam a2200181 a 4500 | ||
|---|---|---|---|
| 020 | _a0195065557 (acidfree paper) : | ||
| 040 | _cDLC | ||
| 082 | 0 | 0 | _a581 OXF 1993 A082 Or. |
| 100 | 1 | _aBotkin, Daniel B. | |
| 245 | 1 | 0 |
_aForest dynamics : _ban ecological model / |
| 260 |
_aOxford ; _aNew York : _bOxford University Press, _c1993. |
||
| 300 |
_ax, 309 p. : _bill., maps ; _c25 cm. |
||
| 650 | 0 | _aForest ecology | |
| 650 | 0 | _aTrees | |
| 856 | 4 | 2 | _uhttp://www.loc.gov/catdir/enhancements/fy0604/91019555-d.html |
| 856 | 4 | 1 | _uhttp://www.loc.gov/catdir/enhancements/fy0604/91019555-t.html |
| 942 | _cEK | ||
| 999 |
_c15956 _d15956 |
||